000
00237nam a2200097Ia 4500
008
240331s9999 xx 000 0 und d
082
_b
BRO
100
_a
Browning, D.C
245
0
_a
Roget's Thesaurus of english words and phrases
942
_c
L
999
_c
3218
_d
3218